000 00568nam a2200193Ia 4500
005 20250326141937.0
008 250326s9999 xx 000 0 und d
020 _a0-8229-1152-3
037 _aTextbook
040 _aFMSL
_beng
_cFMSL
041 _aeng
_2eng
084 _aX:97D M8
_qFMSL
100 _aSouthall R
_9745314
245 0 _aTrade unions and the new Industrilisation of the third world
_cSouthall R
260 _aLondon
_bLondon, University of Ottawa Press
_c1988
300 _a392p
942 _cTB
_hX:97D M8
999 _c1292717
_d1292717